Data Analysis for Business Decisions Using Excel (Record no. 11075)

MARC details
000 -LEADER
fixed length control field 00505nam a22002057a 4500
003 - CONTROL NUMBER IDENTIFIER
control field OSt
008 - FIXED-LENGTH DATA ELEMENTS--GENERAL INFORMATION
fixed length control field 220127b ||||| |||| 00| 0 eng d
020 ## - INTERNATIONAL STANDARD BOOK NUMBER
International Standard Book Number 9789389657029
082 ## - DEWEY DECIMAL CLASSIFICATION NUMBER
Classification number 658.4 ABD
100 ## - MAIN ENTRY--PERSONAL NAME
Personal name D,Renjini
245 ## - TITLE STATEMENT
Title Data Analysis for Business Decisions Using Excel
250 ## - EDITION STATEMENT
Edition statement 1st
260 ## - PUBLICATION, DISTRIBUTION, ETC. (IMPRINT)
Place of publication, distribution, etc New Delhi
Name of publisher, distributor, etc Bharti Publications
300 ## - PHYSICAL DESCRIPTION
Extent 2019
650 ## - SUBJECT ADDED ENTRY--TOPICAL TERM
Topical term or geographic name as entry element MBA
700 ## - ADDED ENTRY--PERSONAL NAME
Personal name ABOOBAKER,Nimitha
700 ## - ADDED ENTRY--PERSONAL NAME
Personal name MUKUNDAN,Smarty P
700 ## - ADDED ENTRY--PERSONAL NAME
Personal name JOSEPH,George
942 ## - ADDED ENTRY ELEMENTS (KOHA)
Source of classification or shelving scheme Dewey Decimal Classification
Koha item type Text Books
942 ## - ADDED ENTRY ELEMENTS (KOHA)
-- 21
Holdings
Withdrawn status Lost status Source of classification or shelving scheme Damaged status Not for loan Collection code Home library Current library Date acquired Source of acquisition Currency Cost, normal purchase price Bill Number Total Checkouts Full call number Acc. no. / Barcode Date last seen Date last borrowed Actual Cost, discounted price Bill Date Koha item type Checked out
    Dewey Decimal Classification     MBA PIET C-LIBRARY PIET C-LIBRARY 04/01/2022 Kirti Praskshan IN Rupees 299.00 IN3247 3 658.4 RED 33413 06/11/2024 23/10/2024 254.15 04/01/2022 Text Books  
    Dewey Decimal Classification     MBA PIET C-LIBRARY PIET C-LIBRARY 04/01/2022 Kirti Praskshan IN Rupees 299.00 IN3247 4 658.4 RED 33414 14/11/2024 06/11/2024 254.15 04/01/2022 Text Books  
    Dewey Decimal Classification     MBA PIET C-LIBRARY PIET C-LIBRARY 04/01/2022 Kirti Praskshan IN Rupees 299.00 IN3247 5 658.4 RED 33415 17/06/2024 23/01/2024 254.15 04/01/2022 Text Books  
    Dewey Decimal Classification     MBA PIET C-LIBRARY PIET C-LIBRARY 04/01/2022 Kirti Praskshan IN Rupees 299.00 IN3247 1 658.4 RED 33416 13/01/2023 15/12/2022 254.15 04/01/2022 Text Books  
    Dewey Decimal Classification     MBA PIET C-LIBRARY PIET C-LIBRARY 04/01/2022 Kirti Praskshan IN Rupees 299.00 IN3247 4 658.4 RED 33417 29/01/2025 29/01/2025 254.15 04/01/2022 Text Books 18/08/2025
    Dewey Decimal Classification     MBA PIET C-LIBRARY PIET C-LIBRARY 04/01/2022 Kirti Praskshan IN Rupees 299.00 IN3247 3 658.4 RED 33418 17/01/2024 28/11/2023 254.15 04/01/2022 Text Books  
    Dewey Decimal Classification     MBA PIET C-LIBRARY PIET C-LIBRARY 04/01/2022 Kirti Praskshan IN Rupees 299.00 IN3247 4 658.4 RED 33419 06/11/2024 23/10/2024 254.15 04/01/2022 Text Books  
    Dewey Decimal Classification     MBA PIET C-LIBRARY PIET C-LIBRARY 04/01/2022 Kirti Praskshan IN Rupees 299.00 IN3247 4 658.4 RED 33420 06/11/2024 23/10/2024 254.15 04/01/2022 Text Books  
    Dewey Decimal Classification     MBA PIET C-LIBRARY PIET C-LIBRARY 04/01/2022 Kirti Praskshan IN Rupees 299.00 IN3247   658.4 RED 33421 27/01/2022   254.15 04/01/2022 Text Books  
    Dewey Decimal Classification     MBA PIET C-LIBRARY PIET C-LIBRARY 04/01/2022 Kirti Praskshan IN Rupees 299.00 IN3247 2 658.4 RED 33422 27/01/2023 23/01/2023 254.15 04/01/2022 Text Books  

Design & Developed by: PIET Central Library
R70 Miles Stone Pattikalyana Samalkha Panipat 132102
mail ID :- [email protected], Phone No:- 0180-2569700 Ex.216